Der Erzieher Fachzeitschrift der deutschen Erzieherschaft in der Slowakei

Bibliographic Details
Previous Title:Karpatendeutsche Erzieher
Other Authors: Hobinka, Edgar (Publishing director)
Format: Journal
Language:German
PhysicalDescription:2 zv. 31 cm
Published: Preßburg Karpatendeutsche Erzieherschaft 1943-1944
Subjects:

MARC

LEADER 00000cas a2200000 a 4500
001 vtls010300059
003 SK-MaSNL
005 20260228162446.0
008 110810d19431944xo mr|p 0 b0ger
040 |a SNK  |b slo  |c SNK  |e AACR2 
041 0 |a ger 
044 |a xo  |c SK 
072 7 |a 37  |x Výchova a vzdelávanie  |2 konspekt 
080 |a 050  |2 2001 
080 |a 37.01  |2 2001 
080 |a (437.6=112.2)  |2 2001 
245 0 4 |a Der Erzieher  |b Fachzeitschrift der deutschen Erzieherschaft in der Slowakei 
260 |a Preßburg  |b Karpatendeutsche Erzieherschaft  |c 1943-1944 
300 |a 2 zv.  |c 31 cm 
310 |a 1x mesačne 
362 0 |a Roč. VI, č. 1 (1943)-roč. VII, č. 6 (1944) 
500 |a Hlav. red.: Edgar Hobinka 
500 |a Vyd. Karpatendeutsche Erzieherschaft 
500 |a Tlač. Concordia, Preßburg, od č. 11/1943 Gutenberg, Preßburg 
500 |a Je pokračovaním časopisu: Der Karpatendeutsche Erzieher 
650 0 7 |a pedagogika  |2 SNKPH  |9 955 
650 0 7 |a výchova  |2 SNKPH  |9 957 
650 0 7 |a Karpatskí Nemci  |2 SNKPH  |9 253235 
655 7 |a pedagogické časopisy  |2 SNKPH  |9 269138 
700 1 |a Hobinka, Edgar  |4 pbd  |9 271128 
752 |a Slovensko  |d Bratislava 
780 0 0 |t Karpatendeutsche Erzieher  |w vtls010300154 
910 |a snk 
916 |a 1943-1944 
999 |c 7910  |d 9840 
952 |0 0  |1 0  |4 0  |7 0  |8 5  |a SNK  |b SNK  |d 1999-10-15  |f 1  |i snkČSF 16/56  |l 0  |o snkČSB 1374/6/1943  |p 17A0213995  |r 2005-01-02 00:00:00  |t č. 1-12  |w 2026-02-21  |y PREZ 
952 |0 0  |1 0  |4 0  |7 0  |8 5  |a SNK  |b SNK  |d 1998-02-02  |f 1  |i snkČSF 17/56  |l 0  |o snkČSB 1374/7/1944  |p 17A0121622  |r 2005-01-02 00:00:00  |t č. 1-6  |w 2026-02-21  |y PREZ 
952 |0 0  |1 0  |4 0  |7 0  |a SNK  |b SNK  |d 1998-04-21  |l 0  |o snkČSB 1374/7/1944 D1  |p 17A0136107  |r 2005-01-02 00:00:00  |w 2026-02-21  |y PREZ 
952 |0 0  |1 0  |4 0  |7 0  |a SNK  |b SNK  |d 1998-04-21  |l 0  |o snkČSB 1374/6/1943 D1  |p 17A0136112  |r 2005-01-02 00:00:00  |w 2026-02-21  |y PREZ